000 00238nam a22001097a 4500
008 170126b xxu||||| |||| 00| 0 eng d
020 _a9780387298160
041 _aeng
080 _22ND
_a61
245 _aSEPSIS
_cRUIZ, G.O
942 _2udc
_cBK
999 _c3772
_d3772